000 00297 a2200145 4500
001 194890
040 _cMagnum
100 _aAntonio Filho
240 1 0 _aA lagarta faceira
_lpor
245 1 0 _aA lagarta faceira
300 _a15
362 0 _a2009
697 _aLITERATURA INFANTIL
942 _cBK
999 _c194890
_d194890